01011nam a22002177a 450000500170000001000260001702000260004303500140006903500140008303700090009708200080010610000300011424500960014426000520024027001330029230000200042594200220044599900190046795201550048695201520064120251029123345.0 aENG-141363 ENG-147000 a9788119798780c599.00 aEN-124895 aEN-130532 bDBAD a230 aSubramanian Swamy 985567 aThe Constitutional Framework for Hindu Rashtra and Bhartiya identity/cBy Subramanian Swamy aNew DelhibHar Anand Publications Pvy Ltdc2024 aE-49/3, Okhla Industrial Area, Phase-IIbNew Delhie110020cNew Delhik011-41603490l011-41708607minfo@haranandpublications.com a195p.c23cm(hb) 2ddccENh230mSUB c205170d205170 00102ddc40708NFICaLbLd2024-08-21eDelivery of Books Act Divisiong599.00l0o230 SUBpEN-124895r2024-08-21 00:00:00t1v599.00w2024-08-21yEN 001040718NFICaAVbAVd2025-10-29eDelivery of Books Act Divisiong599.00l0o230 SUBpEN-130532r2025-10-29 00:00:00t1v599.00w2025-10-29yEN